01382 a2200229 4500003000500000005001700005040000900022082001900031100002300050245004800073260006000121300003400181505034100215600002300556650003400579942001200613999001900625952012300644952012700767952012700894952013101021Nust20221128155527.0 cNust a621.381331,LEW aLeon Lewin9101740 aAdvanced theory of waveguides /cLewin Leon aLondonbPublished for Wireless Engineer by Iliffec1951 a192 pbillusc23 cmeDiagrams aElectromagnetic Theory and its Application to Waveguides (Page-9), Cylindrical Posts in Waveguides (Page-23), Diaphragms in Waveguides (Page-45), The Tuned Post and The Tuned Window (Page-76), Waveguide Steps T-Junctions and Tapers (Page-98), Radiation from Waveguides (Page-121), Propagation in Loaded and Corrugated Guides (Page-145). aLeon Lewin9101740 aTelecommunication engineering 2ddccBK c182058d182058 00102ddc4070aMCSbMCSd2016-12-12o621.381331 LEWpMCS6296r2016-12-08w2016-12-12yBKzAlmirah No.32, Shelf No.4 00102ddc4070aMCSbMCScGENd2016-12-12o621.381331,LEWpMCS6710r2016-12-08w2016-12-12yBKzAlmirah No.32, Shelf No.4 00102ddc4070aMCSbMCScGENd2016-12-12o621.381331,LEWpMCS6711r2016-12-08w2016-12-12yBKzAlmirah No.32, Shelf No.4 00102ddc4070aMCSbMCScGENd2022-11-28l0o621.381331,LEWpMCS20718r2022-11-28w2022-11-28yBKzAlmirah No.32, Shelf No.4